000 00559nam a2200193Ia 4500
008 151121s9999||||xx |||||||||||||| ||und||
082 _a833/फॉकन
082 _bHNW-76077
100 _aफॉकनर विलियम
245 _aभालू
260 _b"नवप्रभात साहित्य, दिल्ली।"
260 _c--
300 _a103
600 _aफॉकनर विलियम
630 _aभालू
700 _aफॉकनर विलियम
730 _aभालू
942 _cBOOK
999 _c1257507
_d1257504